000 00376 a2200169 4500
001 191958
020 _a978-85-16-09518-5
040 _cMagnum
100 _aObeid, César
240 1 0 _aSou indígena e sou criança
_lpor
245 1 0 _aSou indígena e sou criança
300 _a31
362 0 _a2014
440 1 _aModerna
697 _aLITERATURA INFANTO
942 _cBK
999 _c191958
_d191958